The changed life. (Record no. 12588)

000 -LEADER
fixed length control field 00541nam a2200181 a 4500
001 - CONTROL NUMBER
control field :::00010396$&:&@@
003 - CONTROL NUMBER IDENTIFIER
control field OkBaRHE
005 - DATE AND TIME OF LATEST TRANSACTION
control field 20000607103358.0
008 - FIXED-LENGTH DATA ELEMENTS--GENERAL INFORMATION
fixed length control field j 000 0 eng u
040 ## - CATALOGING SOURCE
Transcribing agency
100 1# - MAIN ENTRY--PERSONAL NAME
Personal name Drummond, Henry, 1851-1897.
245 14 - TITLE STATEMENT
Title The changed life.
260 ## - PUBLICATION, DISTRIBUTION, ETC. (IMPRINT)
Place of publication, distribution, etc Westwood, NJ., :
Name of publisher, distributor, etc Fleming H. Revell Company
Date of publication, distribution, etc nd
300 ## - PHYSICAL DESCRIPTION
Extent 55 p. ;
Dimensions 20 cm.
650 ## - SUBJECT ADDED ENTRY--TOPICAL TERM
Topical term or geographic name as entry element Christian Life
942 ## - ADDED ENTRY ELEMENTS (KOHA)
Source of classification or shelving scheme
Koha item type Books
Copies
Date acquired Not for loan Barcode Date last seen Source of classification or shelving scheme Lost status Copy number Koha item type Price effective from Shelving location Withdrawn status Full call number Permanent Location Damaged status
2010-04-14 103962010-04-14  1Books2010-04-14General Stacks BV 4501 .D681RHEMA Bible Training College